LEADER 01590nam a2200361 i 4500 001 991000615279707536 008 100225s2009 it a 000 0 ita d 020 $a9788890267932 035 $ab13884621-39ule_inst 040 $aDip.to Fisica$beng 082 00$a610.28$220 084 $aLC R856 084 $a53.9.7 100 1 $aCastellano, Alfredo$0283066 245 10$aFisica e tecnica delle apparecchiature biomediche :$btomografia computerizzata, risonanza magnetica, ecografia /$cAlfredo Castellano, Giorgio De Nunzio, Marina Donativi 260 $aArnesano (LE) :$bDeltaEdit,$cc2009 300 $a93 p. :$bill. ;$c23 cm 440 0$aCollana di Fisica e Ingegneria Applicata;$v1 504 $aIncludes bibliographical references and index 650 4$aMedical instruments and apparatus. 650 4$aBiomedical Engineering$xInstrumentation 650 4$aElectronics, Medical$xInstrumentation 650 4$aEquipment and Supplies 650 4$aMonitoring, Physiologic$xInstrumentation 700 1 $aDe Nunzio, Giorgio$eauthor$4http://id.loc.gov/vocabulary/relators/aut$0462000 700 1 $aDonativi, Marina 907 $a.b13884621$b25-02-10$c25-02-10 912 $a991000615279707536 945 $aLE006 53.9.7 CAS$g1$i2006000163934$lle006$op$pE12.00$q-$rl$s- $t0$u7$v0$w7$x0$y.i15083238$z25-02-10 945 $aLE006 53.9.7 CAS$g1$i2006000163941$lle006$op$pE12.00$q-$rl$s- $t0$u8$v0$w8$x0$y.i1508324x$z25-02-10 996 $aFisica e tecnica delle apparecchiature biomediche$91440714 997 $aUNISALENTO 998 $ale006$b25-02-10$cm$da $e-$fita$git $h0$i0 LEADER 03392nam 2200769Ia 450 001 9910953747103321 005 20251116190900.0 010 $a9786613203724 010 $a9781283203722 010 $a1283203723 010 $a9780764579875 010 $a0764579878 035 $a(CKB)1000000000349073 035 $a(EBL)226638 035 $a(OCoLC)63792320 035 $a(SSID)ssj0000118289 035 $a(PQKBManifestationID)11125053 035 $a(PQKBTitleCode)TC0000118289 035 $a(PQKBWorkID)10052657 035 $a(PQKB)11781013 035 $a(Au-PeEL)EBL226638 035 $a(CaPaEBR)ebr10299647 035 $a(CaONFJC)MIL320372 035 $a(MiAaPQ)EBC226638 035 $a(Perlego)2751575 035 $a(iGPub)WILEYB0015075 035 $a(EXLCZ)991000000000349073 100 $a20060717d2005 uy 0 101 0 $aeng 135 $aur|n|---||||| 181 $ctxt 182 $cc 183 $acr 200 10$aCarpenter's and builder's layout, foundation, and framing /$fMark Richard Miller, Rex Miller 205 $a7th ed. 210 $aIndianapolis, IN $cWiley Pub.$dc2005 215 $a1 online resource (312 p.) 225 1 $aAudel Technical Trades Series ;$vv.22 300 $a"Audel the books that work"--Cover. 311 08$a9780764571121 311 08$a0764571125 320 $aIncludes bibliographical references and index. 327 $aAcknowledgments; About the Authors; Introduction; Chapter 1 Locating a Building; Chapter 2 House Foundations; Chapter 3 Concrete Forms and Hardware; Chapter 4 Site Equipment; Chapter 5 Concrete-Block Construction; Chapter 6 Frames and Framing; Chapter 7 Floors, Girders, and Sills; Chapter 8 Constructing Walls and Partitions; Chapter 9 Framing Roofs; Chapter 10 Framing Chimneys and Fireplaces; Chapter 11 Roofs and Roofing; Chapter 12 Skylights; Chapter 13 Cornice Details; Chapter 14 Doors; Chapter 15 Windows; Chapter 16 Siding; Appendix; Index 330 $aHere's knowledge you can build onWhether you're building a storage shed or your dream house, the same principles govern choosing a site, setting the foundation, erecting the walls, and putting on the roof. This handy how-to guide has been totally revised and updated to cover new building materials and the latest techniques in construction and framing. It's where to find answers and solutions, from the first stake to the last roofing nail.* Choose an appropriate site and lay out the structure* Construct a foundation that meets structural needs and weather conditions* Work wi 410 0$aAudel Technical Trades Series 517 3 $aAudel carpenter's and builder's layout, foundation and framing 517 3 $aCarpenter's and builder's layout, foundation & framing 517 1 $aAudel 606 $aBuilding layout 606 $aWooden-frame buildings 606 $aFoundations 606 $aFraming (Building) 615 0$aBuilding layout. 615 0$aWooden-frame buildings. 615 0$aFoundations. 615 0$aFraming (Building) 676 $a694 676 $a694/.2 700 $aMiller$b Mark R$0145066 701 $aMiller$b Rex$f1929-$01511545 801 0$bMiAaPQ 801 1$bMiAaPQ 801 2$bMiAaPQ 906 $aBOOK 912 $a9910953747103321 996 $aCarpenter's and builder's layout, foundation, and framing$94356987 997 $aUNINA